000
00280nam a2200121Ia 4500
008
190216s9999||||xx |||||||||||||| ||und||
100
_a
Srinivasan K
245
0
_a
Fragrance
260
_b
Oxford University Press
_c
1983
300
_a
331p
650
_a
English Poetry
942
_c
BK
999
_c
13117
_d
13117